Methoden der organischer Chemie (Houben-Weyl) Band VII/2c Ketone Teilband 3
Uložené v:
| Ďalší autori: | |
|---|---|
| Médium: | Kniha |
| Jazyk: | German |
| Vydavateľské údaje: |
Stuttgart
G.Thieme Verlag
1977
|
| Vydanie: | 4. völlig neu gestaltete Aufl. |
| Predmet: | |
| On-line prístup: | View in OPAC |
| Tagy: |
Žiadne tagy, Buďte prvý, kto otaguje tento záznam!
|
MARC
| LEADER | 00000nam a2200000 a 4500 | ||
|---|---|---|---|
| 005 | 20260127134035.0 | ||
| 008 | 091126 1977 gw 000 0 ger d | ||
| 020 | |a 3132062049 | ||
| 035 | |a vtls010025295 | ||
| 039 | 9 | |y 200911261044 |z mschk03 | |
| 040 | |a STUSCHK1 |b slo |c STUSCHK1 |e AACR2 | ||
| 080 | |a 547 | ||
| 245 | 1 | |a Methoden der organischer Chemie |b (Houben-Weyl) |n Band VII/2c |p Ketone |n Teilband 3 |c herausgegeben von Eugen Müller ...[et al.] | |
| 250 | |a 4. völlig neu gestaltete Aufl. | ||
| 260 | |a Stuttgart |b G.Thieme Verlag |c 1977 | ||
| 300 | |a xxxii, 2081-2893 s. |b il. |c 26 cm | ||
| 650 | 0 | |a organická chémia | |
| 700 | 0 | |a Müller, Eugen |d 1905-1976 |4 edt | |
| 910 | |a SCHK95 | ||
| 919 | |a 3-13-2062-04-9 | ||
| 999 | |c 2684 |d 2684 | ||